"Know what I mean 'arry?" - Statistics

General Stats
  • This quiz has been taken 10 times
  • The average score is 7 of 12
Answer Stats
Clue Answer % Correct
Famous escapologist Houdini
90%
Former US president Truman
90%
Former manager of Spurs Redknapp
70%
One half of Steptoe and Son, middle initial 'H' Corbett
60%
Founder of 'Sooty', succeeded by son, Matthew Corbett
60%
Character in 'The Third Man', played by Orson Welles Lime
60%
Former 'Goon' Secombe
60%
Boxing commentator Carpenter
50%
Voiceover of 'You've Been Framed' Hill
50%
Comedian, famous for reflection in shop window? Worth
50%
Australian, former premiership footballer Kewell
30%
Crooner Connick Jr
0%
No matching quizzes found
Score Distribution
Percent of People with Each Score
Percentile by Number Answered
Your Score History
You have not taken this quiz